La colmena
Guardat en:
| Autor principal: | |
|---|---|
| Format: | Llibre |
| Idioma: | espanyol |
| Publicat: |
Madrid
Espasa Calpe
2001
|
| Edició: | 4a. ed |
| Col·lecció: | Colección Austral, 421
|
| Matèries: | |
| Etiquetes: |
Afegir etiqueta
Sense etiquetes, Sigues el primer a etiquetar aquest registre!
|
MARC
| LEADER | 00000nam a2200000 a 4500 | ||
|---|---|---|---|
| 001 | UCM0718 | ||
| 003 | CL-VaPUC | ||
| 008 | 020308e20010000SP |||||||||||||||||spa|d | ||
| 082 | 0 | 4 | |a 863 |b CEL |2 21 |
| 100 | 0 | |a Cela, Camilo José |e author |9 320105 | |
| 245 | 1 | 3 | |a La colmena |
| 250 | |a 4a. ed | ||
| 300 | |a 447 p | ||
| 942 | |c BK | ||
| 945 | |d 20020308 00:00:00 |a vberengu | ||
| 260 | |a Madrid |b Espasa Calpe |c 2001 | ||
| 650 | 0 | |a Literatura española |9 306261 | |
| 650 | 0 | |a Novelas españolas |9 265052 | |
| 583 | |a last modification |c 20020308 00:00:00 |k Rodrigo Vera | ||
| 490 | 0 | |a Colección Austral, 421 | |
| 999 | |c 299556 |d 299554 | ||
| 952 | |0 0 |1 0 |4 0 |6 863_000000000000000_CEL_2001 |7 0 |8 A |9 356215 |a FDOPOS |b FDOPOS |d 2019-11-21 |i 3790045 |o 863 CEL 2001 |p 3790045 |r 2025-01-22 |w 2019-11-21 |y BK |k MLH | ||